[Event "GER-chT U16 Girls"]
[Site "Magdeburg"]
[Date "2023.12.27"]
[Round "1.4"]
[White "Einacker, Lina"]
[Black "Einacker, Anika"]
[Result "0-1"]
[WhiteElo "1193"]
[BlackElo "1211"]
[PlyCount "76"]
[EventDate "2023.12.26"]
[EventType "team-swiss"]
[EventRounds "7"]
[EventCountry "GER"]
[SourceTitle "CB03_2024"]
[SourceDate "2024.01.17"]
[SourceVersion "1"]
[SourceVersionDate "2024.01.17"]
[SourceQuality "1"]
[WhiteTeam "Hamburger SK II"]
[BlackTeam "Hamburger SK"]
[WhiteTeamCountry "GER"]
[BlackTeamCountry "GER"]

1. e4 c5 2. Nf3 e6 3. c4 Nc6 4. Nc3 d6 5. d4 cxd4 6. Nxd4 Nf6 7. Be2 Be7 8. 0-0 0-0 9. a3 a6 10. Be3 Qc7 11. Qb3 Na5 12. Qa2 b6 13. b4 Nc6 14. Nxc6 Qxc6 15. Bf3 e5 16. Nd5 Nxd5 17. cxd5 Qb7 18. Rac1 f5 19. exf5 Bxf5 20. Rc6 b5 21. Bc5 Qd7 22. Rc1 Rfc8 23. Bb6 Bd8 24. Bxd8 Qxd8 25. Qb3 Bg6 26. Bg4 Rxc6 27. dxc6+ Bf7 28. Be6 Qc7 29. Bxf7+ Qxf7 30. Qh3 Qc7 31. Qd7 Rc8 32. Qxc7 Rxc7 33. f4 exf4 34. Kf2 Kf7 35. Kf3 g5 36. Ke4 Ke6 37. Kd4 h6 38. Re1+ Kf6 0-1

[Event "GER-ch U16 Girls"]
[Site "Willingen"]
[Date "2022.06.07"]
[Round "4"]
[White "Koepnick, Amanda"]
[Black "Einacker, Anika"]
[Result "1-0"]
[WhiteElo "1162"]
[BlackElo "1160"]
[PlyCount "37"]
[EventDate "2022.06.04"]
[EventType "swiss"]
[EventRounds "9"]
[EventCountry "GER"]
[SourceTitle "CBM 208 Extra"]
[Source "ChessBase"]
[SourceDate "2022.07.31"]
[SourceVersion "1"]
[SourceVersionDate "2022.07.31"]
[SourceQuality "1"]

1. e4 c5 2. Nf3 e6 3. d4 cxd4 4. Nxd4 a6 5. a3 Qc7 6. Nc3 b5 7. Bd3 Bb7 8. 0-0 Nf6 9. Bd2 Be7 10. Re1 d5 11. exd5 Nxd5 12. Qg4 0-0 13. Nxe6 fxe6 14. Qxe6+ Rf7 15. Nxd5 Qc5 16. Nxe7+ Kf8 17. Be3 Qxe7 18. Qxe7+ Rxe7 19. Bc5 1-0

[Event "GER-ch U16 Girls"]
[Site "Willingen"]
[Date "2022.06.05"]
[Round "2"]
[White "Einacker, Anika"]
[Black "Foos, Vanessa"]
[Result "0-1"]
[WhiteElo "1160"]
[BlackElo "1462"]
[PlyCount "92"]
[EventDate "2022.06.04"]
[EventType "swiss"]
[EventRounds "9"]
[EventCountry "GER"]
[SourceTitle "CBM 208 Extra"]
[Source "ChessBase"]
[SourceDate "2022.07.31"]
[SourceVersion "1"]
[SourceVersionDate "2022.07.31"]
[SourceQuality "1"]

1. e4 Nf6 2. Nc3 d6 3. d4 g6 4. f4 Bg7 5. Nf3 0-0 6. Bc4 Nxe4 7. Bxf7+ Rxf7 8. Nxe4 Bh6 9. g3 Bd7 10. Be3 e6 11. Qd2 Bc6 12. Qd3 Na6 13. a3 d5 14. Neg5 Bxg5 15. Nxg5 Rf6 16. 0-0-0 h6 17. Nf3 Qe8 18. Ne5 Bb5 19. Qd2 Rc8 20. g4 c5 21. g5 hxg5 22. fxg5 Rf5 23. Rdg1 cxd4 24. Bxd4 Ba4 25. c3 Nc5 26. Qe3 Nb3+ 27. Kb1 Nxd4 28. Qxd4 Bc6 29. Rg3 Rc7 30. Re1 Rh7 31. h4 Qb8 32. Rh3 Be8 33. Ng4 Kf8 34. Qc5+ Kg7 35. Rxe6 Qf4 36. Ne3 Rf8 37. Ka2 Bf7 38. Re7 d4+ 39. Nc4 Qf1 40. Rh2 b6 41. Qxd4+ Kg8 42. b3 b5 43. Ne5 Bxb3+ 44. Kxb3 Rxe7 45. Nxg6 Qb1+ 46. Rb2 Qxg6 0-1